| 000 | 00438pab a2200181 454500 | ||
|---|---|---|---|
| 008 | 180718b2001 xxu||||| |||| 00| 0 eng d | ||
| 100 | _aThomas, T. | ||
| 245 | _aValue destruction by ministers | ||
| 260 | _c2001 | ||
| 300 | _ap.9 | ||
| 362 | _a26 Jan | ||
| 650 | _aFinancial institutions | ||
| 650 | _aDisinvestment | ||
| 650 | _aPublic sector - India | ||
| 650 | _aPublic sector | ||
| 773 | _aBusiness Standard | ||
| 909 | _a48700 | ||
| 999 |
_c48700 _d48700 |
||